000 00531nam a2200181Ia 4500
008 240925s9999 xx 000 0 und d
020 _a9788131732441
082 _a658.45 BOV
100 _aBovee, Courtland L; Thill, John V.
245 0 _aBusiness Communication Essentials: A Skills-Based Approach to Vital Business English
250 _a4th
260 _aNew Delhi:
_bPearson Education
_c,2011.
300 _a264p.
_b0
_fOriginal
500 _aIncludes Index
600 _aManagement
650 _aManagement
942 _cBK
999 _c13787
_d13787